[Event "Kadettlandskamp NOR-SWE B 2018"]
[Site "NTG, Bærum, Norway"]
[Date "2018.12.15"]
[Round "6.4"]
[White "Rasti, Arvin"]
[Black "Kizatbay, Abyl"]
[Result "0-1"]
[WhiteFideId "1741160"]
[BlackFideId "1521853"]
[WhiteElo "1777"]
[BlackElo "1952"]

1. c4 {[%clk 00:15:19]} {[%emt 00:09:10]} Nf6 {[%clk 00:15:17]} {[%emt
00:00:03]} 2. Nc3 {[%clk 00:15:28]} {[%emt 00:00:02]} d5 {[%clk 00:15:21]}
{[%emt 00:00:06]} 3. cxd5 {[%clk 00:15:34]} {[%emt 00:00:04]} Nxd5 {[%clk
00:15:30]} 4. g3 {[%clk 00:15:36]} {[%emt 00:00:09]} g6 {[%clk 00:15:36]}
{[%emt 00:00:03]} 5. Bg2 {[%clk 00:15:44]} {[%emt 00:00:02]} Nb6 {[%clk
00:15:45]} {[%emt 00:00:01]} 6. d3 {[%clk 00:15:43]} {[%emt 00:00:11]} Bg7
{[%clk 00:15:48]} {[%emt 00:00:08]} 7. h4 {[%clk 00:15:47]} {[%emt 00:00:07]}
h6 {[%clk 00:15:17]} {[%emt 00:00:40]} 8. Nf3 {[%clk 00:15:47]} {[%emt
00:00:10]} Nc6 {[%clk 00:15:24]} {[%emt 00:00:03]} 9. h5 {[%clk 00:15:27]}
{[%emt 00:00:30]} g5 {[%clk 00:15:27]} {[%emt 00:00:07]} 10. Nxg5 {[%clk
00:14:43]} {[%emt 00:00:54]} hxg5 {[%clk 00:15:05]} {[%emt 00:00:31]} 11. Bxg5
{[%clk 00:14:51]} {[%emt 00:00:03]} Bf5 {[%clk 00:11:58]} {[%emt 00:03:16]} 12.
h6 {[%clk 00:14:30]} {[%emt 00:00:31]} Be5 {[%clk 00:11:34]} {[%emt 00:00:35]}
13. e4 {[%clk 00:14:12]} {[%emt 00:00:28]} Bh7 {[%clk 00:11:39]} {[%emt
00:00:04]} 14. f4 {[%clk 00:13:33]} {[%emt 00:00:49]} Bd4 {[%clk 00:11:40]}
{[%emt 00:00:10]} 15. g4 {[%clk 00:12:11]} {[%emt 00:01:32]} f6 {[%clk
00:11:00]} {[%emt 00:00:50]} 16. Bh4 {[%clk 00:11:21]} {[%emt 00:01:00]} Qd6
{[%clk 00:10:47]} {[%emt 00:00:22]} 17. Qf3 {[%clk 00:10:31]} {[%emt 00:01:00]}
Qb4 {[%clk 00:10:00]} {[%emt 00:00:57]} 18. Qe2 {[%clk 00:09:10]} {[%emt
00:01:32]} O-O-O {[%clk 00:09:44]} {[%emt 00:00:26]} 19. Rc1 {[%clk 00:09:05]}
{[%emt 00:00:14]} Na4 {[%clk 00:08:54]} {[%emt 00:01:00]} 20. Kf1 {[%clk
00:07:45]} {[%emt 00:01:30]} Qxb2 {[%clk 00:07:36]} {[%emt 00:01:28]} 21. Qxb2
{[%clk 00:06:33]} {[%emt 00:01:22]} Nxb2 {[%clk 00:07:42]} {[%emt 00:00:03]} 22.
Ke2 {[%clk 00:06:21]} {[%emt 00:00:21]} Nb4 {[%clk 00:06:06]} {[%emt 00:01:47]}
23. Nb5 {[%clk 00:05:45]} {[%emt 00:00:46]} Bb6 {[%clk 00:06:15]} {[%emt
00:00:02]} 24. Bf2 {[%clk 00:04:48]} {[%emt 00:01:07]} Bxf2 {[%clk 00:05:52]}
{[%emt 00:00:32]} 25. Rxc7+ {[%clk 00:04:49]} {[%emt 00:00:10]} Kb8 {[%clk
00:06:00]} {[%emt 00:00:02]} 26. e5 {[%clk 00:04:50]} {[%emt 00:00:09]} Nd5
{[%clk 00:05:29]} {[%emt 00:00:41]} 27. Bxd5 {[%clk 00:04:37]} {[%emt
00:00:21]} Rxd5 {[%clk 00:05:37]} {[%emt 00:00:03]} 28. Kxf2 {[%clk 00:04:37]}
{[%emt 00:00:11]} Rxb5 {[%clk 00:05:41]} {[%emt 00:00:06]} 29. Rxe7 {[%clk
00:04:42]} {[%emt 00:00:05]} fxe5 {[%clk 00:05:48]} {[%emt 00:00:03]} 30. f5
{[%clk 00:04:46]} {[%emt 00:00:06]} Rc5 {[%clk 00:04:31]} {[%emt 00:01:26]} 31.
Rb1 {[%clk 00:04:14]} {[%emt 00:00:39]} Rc2+ {[%clk 00:03:41]} {[%emt
00:01:04]} 32. Ke3 {[%clk 00:04:16]} {[%emt 00:00:09]} a5 {[%clk 00:02:28]}
{[%emt 00:01:23]} 33. Rxe5 {[%clk 00:03:40]} {[%emt 00:00:45]} Rd8 {[%clk
00:02:25]} {[%emt 00:00:12]} 34. Re7 {[%clk 00:03:24]} {[%emt 00:00:27]} Bg8
{[%clk 00:02:11]} {[%emt 00:00:25]} 35. h7 {[%clk 00:03:16]} {[%emt 00:00:17]}
Bxa2 {[%clk 00:01:55]} {[%emt 00:00:26]} 36. Rxb2 {[%clk 00:02:42]} {[%emt
00:00:44]} Rxb2 {[%clk 00:01:56]} {[%emt 00:00:09]} 37. g5 {[%clk 00:02:42]}
{[%emt 00:00:09]} Rh2 {[%clk 00:01:04]} {[%emt 00:01:01]} 38. g6 {[%clk
00:02:23]} {[%emt 00:00:30]} a4 {[%clk 00:01:10]} {[%emt 00:00:04]} 39. f6
{[%clk 00:02:18]} {[%emt 00:00:15]} a3 {[%clk 00:01:19]} 40. f7 {[%clk
00:01:36]} {[%emt 00:00:52]} Bxf7 {[%clk 00:00:47]} {[%emt 00:00:42]} 41. Rxf7
{[%clk 00:01:40]} {[%emt 00:00:06]} a2 {[%clk 00:00:47]} {[%emt 00:00:10]} 42.
g7 {[%clk 00:00:25]} {[%emt 00:01:24]} a1=Q {[%clk 00:00:24]} {[%emt 00:00:33]}
43. g8=Q {[%clk 00:00:30]} {[%emt 00:00:05]} Qe1+ {[%clk 00:00:21]} {[%emt
00:00:13]} 44. Kf4 {[%clk 00:00:22]} {[%emt 00:00:18]} Rf2+ {[%clk 00:00:29]}
{[%emt 00:00:01]} 45. Kg5 {[%clk 00:00:14]} {[%emt 00:00:19]} Qg1+ {[%clk
00:00:37]} {[%emt 00:00:02]} 46. Kh6 {[%clk 00:00:17]} {[%emt 00:00:08]} Rh2#
0-1

[Event "Kadettlandskamp NOR-SWE B 2018"]
[Site "NTG, Bærum, Norway"]
[Date "2018.12.15"]
[Round "6.5"]
[White "Ivarsson, Sebastian"]
[Black "Vitenberg, Noam A"]
[Result "1-0"]
[WhiteFideId "1738593"]
[BlackFideId "1532138"]
[WhiteElo "1652"]
[BlackElo "1889"]

1. d4 {[%clk 00:15:18]} Nf6 {[%clk 00:15:19]} {[%emt 00:00:02]} 2. c4 {[%clk
00:15:27]} {[%emt 00:00:02]} e6 {[%clk 00:15:27]} {[%emt 00:00:01]} 3. Nc3
{[%clk 00:15:35]} {[%emt 00:00:02]} Bb4 {[%clk 00:15:35]} {[%emt 00:00:02]} 4.
e3 {[%clk 00:15:41]} {[%emt 00:00:04]} O-O {[%clk 00:15:42]} {[%emt 00:00:02]}
5. Bd3 {[%clk 00:15:49]} {[%emt 00:00:03]} d5 {[%clk 00:15:50]} {[%emt
00:00:02]} 6. Nf3 {[%clk 00:15:55]} {[%emt 00:00:04]} c5 {[%clk 00:15:58]}
{[%emt 00:00:03]} 7. O-O {[%clk 00:15:59]} {[%emt 00:00:04]} cxd4 {[%clk
00:16:03]} {[%emt 00:00:05]} 8. exd4 {[%clk 00:16:08]} {[%emt 00:00:02]} dxc4
{[%clk 00:16:12]} {[%emt 00:00:02]} 9. Bxc4 {[%clk 00:16:16]} {[%emt 00:00:02]}
b6 {[%clk 00:16:17]} {[%emt 00:00:03]} 10. Qe2 {[%clk 00:15:45]} {[%emt
00:00:41]} Bb7 {[%clk 00:16:19]} {[%emt 00:00:08]} 11. Bg5 {[%clk 00:15:23]}
{[%emt 00:00:32]} Nbd7 {[%clk 00:16:26]} {[%emt 00:00:02]} 12. Rfd1 {[%clk
00:15:27]} {[%emt 00:00:07]} Qc7 {[%clk 00:16:15]} {[%emt 00:00:21]} 13. Rac1
{[%clk 00:14:39]} {[%emt 00:00:58]} Rac8 {[%clk 00:16:10]} {[%emt 00:00:15]} 14.
Nb5 {[%clk 00:14:08]} {[%emt 00:00:42]} Qb8 {[%clk 00:16:17]} {[%emt 00:00:03]}
15. a3 {[%clk 00:11:15]} {[%emt 00:03:03]} Be7 {[%clk 00:15:15]} {[%emt
00:01:12]} 16. Ne5 {[%clk 00:08:33]} {[%emt 00:02:52]} Rcd8 {[%clk 00:13:15]}
{[%emt 00:02:10]} 17. Nxf7 {[%clk 00:07:05]} {[%emt 00:01:38]} Rxf7 {[%clk
00:10:57]} {[%emt 00:02:28]} 18. Qxe6 {[%clk 00:07:12]} {[%emt 00:00:02]} Bd5
{[%clk 00:09:53]} {[%emt 00:01:14]} 19. Bxd5 {[%clk 00:07:07]} {[%emt
00:00:17]} Nxd5 {[%clk 00:10:01]} {[%emt 00:00:01]} 20. Bxe7 {[%clk 00:06:31]}
{[%emt 00:00:46]} Nxe7 {[%clk 00:06:59]} {[%emt 00:03:12]} 21. Nd6 {[%clk
00:06:40]} {[%emt 00:00:01]} Rdf8 {[%clk 00:06:45]} {[%emt 00:00:24]} 22. Nxf7
{[%clk 00:06:42]} {[%emt 00:00:08]} Rxf7 {[%clk 00:06:33]} {[%emt 00:00:22]} 23.
Qxd7 {[%clk 00:06:50]} {[%emt 00:00:02]} Qf4 {[%clk 00:06:39]} {[%emt
00:00:03]} 24. Qe8+ {[%clk 00:06:43]} {[%emt 00:00:18]} Rf8 {[%clk 00:06:48]}
{[%emt 00:00:02]} 25. Qxe7 {[%clk 00:06:52]} {[%emt 00:00:01]} Qxf2+ {[%clk
00:06:56]} {[%emt 00:00:02]} 26. Kh1 {[%clk 00:07:01]} {[%emt 00:00:01]} Qf1+
{[%clk 00:07:03]} {[%emt 00:00:02]} 27. Rxf1 {[%clk 00:07:09]} {[%emt
00:00:02]} Rxf1+ {[%clk 00:07:11]} {[%emt 00:00:01]} 28. Rxf1 {[%clk 00:07:18]}
{[%emt 00:00:02]} 1-0

[Event "Kadettlandskamp NOR-SWE B 2018"]
[Site "NTG, Bærum, Norway"]
[Date "2018.12.15"]
[Round "6.6"]
[White "Melaa, Sondre Lillestøl"]
[Black "Muntean, Viktor"]
[Result "1-0"]
[WhiteFideId "1530470"]
[BlackFideId "1054414"]
[WhiteElo "1838"]
[BlackElo "1791"]

1. d4 {[%clk 00:15:17]} {[%emt 00:00:02]} d5 {[%clk 00:15:19]} {[%emt
00:00:02]} 2. Bf4 {[%clk 00:15:24]} {[%emt 00:00:02]} Nf6 {[%clk 00:15:21]}
{[%emt 00:00:09]} 3. e3 {[%clk 00:15:33]} c5 {[%clk 00:15:27]} {[%emt
00:00:04]} 4. c3 {[%clk 00:15:37]} {[%emt 00:00:05]} cxd4 {[%clk 00:15:27]}
{[%emt 00:00:10]} 5. exd4 {[%clk 00:15:44]} {[%emt 00:00:01]} Nc6 {[%clk
00:15:34]} {[%emt 00:00:05]} 6. Nd2 {[%clk 00:15:49]} {[%emt 00:00:03]} Bf5
{[%clk 00:15:33]} {[%emt 00:00:12]} 7. Ngf3 {[%clk 00:15:54]} {[%emt 00:00:04]}
e6 {[%clk 00:15:37]} {[%emt 00:00:06]} 8. Be2 {[%clk 00:16:00]} {[%emt
00:00:04]} Bd6 {[%clk 00:15:37]} {[%emt 00:00:10]} 9. Bg3 {[%clk 00:16:06]}
{[%emt 00:00:02]} O-O {[%clk 00:15:42]} {[%emt 00:00:06]} 10. Nh4 {[%clk
00:16:07]} {[%emt 00:00:09]} Bg6 {[%clk 00:15:31]} {[%emt 00:00:22]} 11. Nxg6
{[%clk 00:16:14]} {[%emt 00:00:02]} hxg6 {[%clk 00:15:38]} {[%emt 00:00:03]} 12.
O-O {[%clk 00:16:15]} {[%emt 00:00:09]} Bxg3 {[%clk 00:14:38]} {[%emt
00:01:12]} 13. hxg3 {[%clk 00:15:42]} {[%emt 00:00:43]} Qb6 {[%clk 00:13:37]}
{[%emt 00:01:11]} 14. Qb3 {[%clk 00:15:16]} {[%emt 00:00:35]} Qxb3 {[%clk
00:13:24]} {[%emt 00:00:24]} 15. axb3 {[%clk 00:15:23]} {[%emt 00:00:02]} e5
{[%clk 00:13:10]} {[%emt 00:00:25]} 16. dxe5 {[%clk 00:15:25]} {[%emt
00:00:08]} Nxe5 {[%clk 00:13:18]} {[%emt 00:00:03]} 17. Nf3 {[%clk 00:15:17]}
{[%emt 00:00:17]} Rfe8 {[%clk 00:12:41]} {[%emt 00:00:47]} 18. Rfd1 {[%clk
00:13:48]} {[%emt 00:01:39]} a6 {[%clk 00:12:11]} {[%emt 00:00:41]} 19. Rd2
{[%clk 00:13:05]} {[%emt 00:00:52]} Rad8 {[%clk 00:11:28]} {[%emt 00:00:54]} 20.
Rad1 {[%clk 00:13:10]} {[%emt 00:00:04]} Ne4 {[%clk 00:10:28]} {[%emt
00:01:10]} 21. Rxd5 {[%clk 00:12:56]} {[%emt 00:00:24]} Rxd5 {[%clk 00:10:35]}
{[%emt 00:00:03]} 22. Rxd5 {[%clk 00:13:04]} {[%emt 00:00:03]} Ng4 {[%clk
00:10:20]} {[%emt 00:00:22]} 23. Nd4 {[%clk 00:09:39]} {[%emt 00:03:37]} Ngxf2
{[%clk 00:08:48]} {[%emt 00:01:43]} 24. Rd7 {[%clk 00:08:52]} {[%emt 00:00:56]}
Nc5 {[%clk 00:08:23]} {[%emt 00:00:36]} 25. Rc7 {[%clk 00:08:52]} {[%emt
00:00:07]} Nfe4 {[%clk 00:08:30]} {[%emt 00:00:06]} 26. Bc4 {[%clk 00:08:10]}
{[%emt 00:00:52]} Rf8 {[%clk 00:07:01]} {[%emt 00:01:40]} 27. Bd5 {[%clk
00:07:28]} {[%emt 00:00:51]} Nf6 {[%clk 00:05:31]} {[%emt 00:01:40]} 28. Bxb7
{[%clk 00:05:54]} {[%emt 00:01:44]} Nxb7 {[%clk 00:05:09]} {[%emt 00:00:31]} 29.
Rxb7 {[%clk 00:06:02]} {[%emt 00:00:02]} Re8 {[%clk 00:04:56]} {[%emt
00:00:24]} 30. Ra7 {[%clk 00:05:28]} {[%emt 00:00:44]} Ng4 {[%clk 00:03:25]}
{[%emt 00:01:40]} 31. Kf1 {[%clk 00:05:22]} {[%emt 00:00:15]} Nh2+ {[%clk
00:03:27]} {[%emt 00:00:09]} 32. Kg1 {[%clk 00:04:35]} {[%emt 00:00:56]} Ng4
{[%clk 00:03:35]} {[%emt 00:00:02]} 33. Nf3 {[%clk 00:04:38]} {[%emt 00:00:07]}
Re2 {[%clk 00:02:18]} {[%emt 00:01:28]} 34. Rxa6 {[%clk 00:03:57]} {[%emt
00:00:51]} Rxb2 {[%clk 00:02:15]} {[%emt 00:00:13]} 35. Ra8+ {[%clk 00:04:05]}
{[%emt 00:00:02]} Kh7 {[%clk 00:02:24]} {[%emt 00:00:01]} 36. Ng5+ {[%clk
00:04:13]} {[%emt 00:00:01]} Kh6 {[%clk 00:02:33]} {[%emt 00:00:02]} 37. Nxf7+
{[%clk 00:04:22]} {[%emt 00:00:02]} Kh5 {[%clk 00:02:41]} {[%emt 00:00:02]} 38.
Ra5+ {[%clk 00:04:21]} {[%emt 00:00:10]} 1-0

[Event "Kadettlandskamp NOR-SWE B 2018"]
[Site "NTG, Bærum, Norway"]
[Date "2018.12.15"]
[Round "7.1"]
[White "Nielsen, Andre"]
[Black "Falkevall, Axel"]
[Result "1-0"]
[WhiteTitle "FM"]
[WhiteFideId "1518240"]
[BlackFideId "1735560"]
[WhiteElo "1917"]
[BlackElo "1715"]

1. e4 {[%clk 00:15:18]} {[%emt 00:00:01]} e6 {[%clk 00:15:19]} {[%emt
00:00:02]} 2. d4 {[%clk 00:15:25]} {[%emt 00:00:02]} d5 {[%clk 00:15:28]} 3.
Nc3 {[%clk 00:15:34]} {[%emt 00:00:02]} Nf6 {[%clk 00:15:34]} {[%emt 00:00:04]}
4. Bg5 {[%clk 00:15:41]} {[%emt 00:00:03]} dxe4 {[%clk 00:15:43]} {[%emt
00:00:01]} 5. Nxe4 {[%clk 00:15:48]} {[%emt 00:00:04]} Be7 {[%clk 00:15:52]} 6.
Bxf6 {[%clk 00:15:51]} {[%emt 00:00:07]} gxf6 {[%clk 00:16:00]} {[%emt
00:00:02]} 7. Qd2 {[%clk 00:15:56]} {[%emt 00:00:05]} f5 {[%clk 00:15:48]}
{[%emt 00:00:23]} 8. Ng3 {[%clk 00:16:00]} {[%emt 00:00:05]} c5 {[%clk
00:15:16]} {[%emt 00:00:41]} 9. Nf3 {[%clk 00:15:59]} {[%emt 00:00:11]} Nc6
{[%clk 00:15:11]} {[%emt 00:00:15]} 10. Bb5 {[%clk 00:15:30]} {[%emt 00:00:39]}
Bd7 {[%clk 00:14:51]} {[%emt 00:00:31]} 11. dxc5 {[%clk 00:14:36]} {[%emt
00:01:03]} a6 {[%clk 00:14:29]} {[%emt 00:00:32]} 12. Ba4 {[%clk 00:13:36]}
{[%emt 00:01:10]} Rg8 {[%clk 00:13:35]} {[%emt 00:01:05]} 13. O-O-O {[%clk
00:12:55]} {[%emt 00:00:51]} Bxc5 {[%clk 00:13:07]} {[%emt 00:00:37]} 14. Rhe1
{[%clk 00:12:47]} {[%emt 00:00:17]} Bb4 {[%clk 00:12:18]} {[%emt 00:01:00]} 15.
c3 {[%clk 00:12:29]} {[%emt 00:00:28]} Be7 {[%clk 00:12:25]} {[%emt 00:00:02]}
16. Re2 {[%clk 00:08:41]} {[%emt 00:03:58]} b5 {[%clk 00:12:25]} {[%emt
00:00:10]} 17. Bb3 {[%clk 00:08:39]} {[%emt 00:00:12]} a5 {[%clk 00:11:49]}
{[%emt 00:00:46]} 18. a4 {[%clk 00:07:39]} {[%emt 00:01:10]} Na7 {[%clk
00:10:46]} {[%emt 00:01:13]} 19. Ne5 {[%clk 00:07:09]} {[%emt 00:00:39]} bxa4
{[%clk 00:10:21]} {[%emt 00:00:35]} 20. Nxd7 {[%clk 00:05:29]} {[%emt
00:01:50]} axb3 {[%clk 00:10:20]} {[%emt 00:00:11]} 21. Nxf5 {[%clk 00:05:27]}
{[%emt 00:00:12]} exf5 {[%clk 00:10:13]} {[%emt 00:00:17]} 22. Nf6+ {[%clk
00:05:27]} {[%emt 00:00:10]} Kf8 {[%clk 00:10:18]} {[%emt 00:00:05]} 23. Qh6+
{[%clk 00:05:20]} {[%emt 00:00:17]} Rg7 {[%clk 00:10:27]} 24. Rxd8+ {[%clk
00:05:15]} {[%emt 00:00:15]} Rxd8 {[%clk 00:10:28]} {[%emt 00:00:09]} 25. Rxe7
{[%clk 00:04:50]} {[%emt 00:00:35]} Kxe7 {[%clk 00:10:37]} {[%emt 00:00:02]} 26.
Qxg7 {[%clk 00:04:53]} {[%emt 00:00:07]} Nb5 {[%clk 00:10:28]} {[%emt
00:00:19]} 27. Ng8+ {[%clk 00:04:14]} {[%emt 00:00:49]} Kd6 {[%clk 00:10:13]}
{[%emt 00:00:25]} 28. Qf6+ {[%clk 00:04:14]} {[%emt 00:00:10]} Kc7 {[%clk
00:10:22]} 29. Qe7+ {[%clk 00:03:53]} {[%emt 00:00:32]} 1-0